Методические рекомендации по курсовому проектированию трансформаторов большой мощности

Библиографические подробности
Главный автор: Кутявин И. Д.
Корпоративные авторы: Томский политехнический институт (ТПИ), Оренбургский политехнический ин-т
Другие авторы: Дель Л. Д., Дель Г. В.
Язык:русский
Опубликовано: Оренбург, Изд-во Оренбургского политехническоо ин-та, 1972
Предметы:
Формат: Книга
Запись в KOHA:https://koha.lib.tpu.ru/cgi-bin/koha/opac-detail.pl?biblionumber=143607

MARC

LEADER 00000nam0a2200000 4500
001 143607
005 20231031143257.0
035 |a (RuTPU)RU\TPU\book\155629 
090 |a 143607 
100 |a 20080922d1972 m y0rusy50 ca 
101 0 |a rus 
102 |a RU 
105 |a a z 001zy 
200 1 |a  Методические рекомендации по курсовому проектированию трансформаторов большой мощности  |f  И. Д. Кутявин, Л. Д. Дель, Г. В. Дель  |g Томский политехнический институт (ТПИ ; Оренбургский политехнический ин-т 
210 |a Оренбург  |c Изд-во Оренбургского политехническоо ин-та  |d  1972 
215 |a 50 с.  |c ил. 
320 |a Библиогр.: с. 49. 
610 1 |a трансформаторы большой мощности 
610 1 |a курсовое проектирование 
610 1 |a расчеты 
610 1 |a методические рекомендации 
675 |a 621.314.222.6.0012  |v 3 
700 1 |a Кутявин  |b И. Д. 
701 1 |a Дель  |b Л. Д. 
701 1 |a Дель  |b Г. В. 
712 0 2 |a Томский политехнический институт (ТПИ)  |c (1944-1991)  |2 stltpush  |3 (RuTPU)RU\TPU\col\1123 
712 0 2 |a Оренбургский политехнический ин-т  |2 stltpush  |3 (RuTPU)RU\TPU\col\13669 
801 1 |a RU  |b 63413507  |c 20080922  |g PSBO 
801 2 |a RU  |b 63413507  |c 20140717  |g PSBO 
942 |c BK